000 00847nam a22002417a 4500
999 _c15794
_d15794
003 MIRAKIL
005 20240326121853.0
008 240326b tu ||||| |||| 00| 0 tur d
020 _a9789751745392
040 _aTR-AnCHP
_cTR-AnCHP
041 _atur
082 _a813.42
_bE23b 2020
100 _aAhmet Midhat Efendi
245 1 0 _aHüseyin Fellah/
_cAhmet Mithat Efendi; hazırlayan: M. Fatih Andı.
260 _aKavaklıdere, Ankara :
_bTürk Dil Kurumu,
_c2020.
300 _a358 sayfa ;
_c21 cm.
490 0 _aTürk Dil Kurumu yayınları;
_v750/3.
490 0 _aYeni Türk edebiyatı kaynak metinleri dizisi ;
_v2.
490 0 _aAhmet Midhat Efendi bütün eserleri romanlar ;
_vI.
650 0 _919
_aTürk edebiyatı
856 _zDijital Nüshası için Partimizin Kütüphane Sorumlusu ile iletişime geçiniz.
942 _2ddc
_cBKS